| 000 | 00686nam a22002057a 4500 | ||
|---|---|---|---|
| 999 |
_c186236 _d186236 |
||
| 005 | 20220218105300.0 | ||
| 010 | _aENG-131667 | ||
| 020 |
_a9789383959426 _c650.00 |
||
| 035 | _aEN-115199 | ||
| 037 | _bDBAD | ||
| 082 | _a620.0015 | ||
| 100 | _aReddy, D. Ranadheer | ||
| 245 |
_aLinear Algebra and Calculus for Engineers/ _cD. Ranadheer Reddy et.al. |
||
| 260 |
_aHyderabad _bStudentsHelpline Publishing House Pvt. Ltd. _c2021 |
||
| 270 |
_a# 326/C, Level-2, Surneni Nilayam Near B K Guda Park, S R Nagar _bHyderabad _e500038 |
||
| 300 |
_axvi, vp. _c24cm(pbk) |
||
| 700 | _aReddy, K. Upender | ||
| 700 | _aMohan, G. Chandra | ||
| 942 |
_2ddc _cEN _h620.00151 _mRED |
||